MDQL
is popping MORE tags! Check the
thread
!
Quizzes
Events
Quiz Creation
Community
Videos
Private Events
Remove Ads
Sign In
Join for FREE
Feedback
Dark Mode
Quiz Categories
Sports
Geography
Music
Movies
Television
Just For Fun
Miscellaneous
History
Literature
Language
Science
Gaming
Entertainment
Religion
Holiday
For Kids
Quiz Lab
Recent
Popular Today
Quiz Kudos Today
Editor Picks
Curator Picks
Quizzes by...
Day
Popularity
Type
Ratings
Length
Year
Community
Subscriptions
Recent Discussions
Orange Saloon
Badges
Playlists
Quests
Create
Leaderboards
Showdown
Live 5
Trivia Bingo
Activity
Puzzle Library
Sporcle Events
Private Events
Virtual Trivia
Globe League
Become a Host
Pub Owners
SporcleCon
Opinionation
Our Games
Videos
Blog
Mobile Apps
Partnerships
Remove Ads and Go Orange
Feedback
History
US Presidents
World Leaders
Politics
Nation
Discovery
War
Decade
Year
Century
Biography
Art
History
US Presidents
World Leaders
Politics
Nation
Discovery
War
Decade
Year
Century
Biography
Art
Random Quiz
Search Sporcle
×
Quiz Lab
Quiz Lab
History
rome
Type in answers that appear in a list
Type in answers that appear in a list
Classic
Best Score? Go Orange.
Facts about Ancient Rome Stats
Can you name the Facts about Ancient Rome?
By
1mrryan1
6m
24 Questions
163 Plays
163 Plays
163 Plays
Comments
Comments
Give Quiz Kudos
Give Quiz Kudos
-
- Ratings
hide this ad
Replay
Link that replays current quiz
Next Quiz
Link to next quiz in quiz playlist
You Got
0%
They Got
Avg Score
49%
Avg Friend Score
Upgrade to see
Score Distribution
Jump to the score distribution portion of the page
Score
0/24
Timer
06:00
0
Plays Today
Hint
% Correct
Official Clothes of Roman Men
Toga
84%
A third of Romans who were not free
Slave
82.2%
26 in Roman Numerals
XXVI
80.4%
Rich and Powerful Roman
Patrician
79.1%
God of War
Mars
76.7%
Father of the Roman Gods
Jupiter
75.5%
God of Love
Venus
70.6%
Main Area in the centre of Rome
The Forum
69.9%
Place where Gladiators fought
Colosseum
66.9%
Poorer Roman
Plebian
57.7%
Channels that carried water
Aquaducts
55.8%
Rich Roman House
Villa
52.8%
Hint
% Correct
Underground cemetries
Catacombs
48.5%
Place for Chariot Racing
Circus Maximus
46%
Ordinary Clothes of Roman People
Tunic
45.4%
Famous Roman Temple
The Pantheon
41.7%
Most Famous Roman Emperor
Julius Caesar
34.4%
The Cold Room in a Roman Bath
Frigidarium
28.2%
Clothes of a Roman Woman after she married
Stola
25.2%
Household Gods
Lares
20.9%
The Hot Room in a Roman Bath
Caldarium
20.9%
Poor Romans' House
Insulae
12.3%
The Main Road in Rome
Via Sacra
12.3%
Place that sold food on the street
Thermoplae
3.7%
Quiz Playlist
Details
Report
Send in Message
Add To Playlist
Classic:
Type in answers that appear in a list
Last Updated: Feb 16, 2017
Quiz Scoreboard
CHALLENGE
Sign Up to Join the Scoreboard
Show All
Scores
Hide
Comments
May contain spoilers
Recently Published
Image Sorting: Flags VI
by Barbecue
Geography
2m
Find the 'City' Movie
by crazypaving
Movies
60s
Colored Red Africa Blitz
by spor1
Geography
45s
More to Explore
Quiz From the Vault
Featured Blog Post
14 Easter Pick-up Lines to Find Eggs With
hide this ad
You Might Also Like...
Tags
ancient
Ancient Rome
rome
Today's Top Quizzes in History
Browse History
hide this ad
Today's Top Quizzes in rome
Browse rome
Top Contributed Quizzes in History
1
I Am Born On March 29th
2
Order Up: 1000 Years of World Events I
3
US National Parks Named After People
4
Popular People in 1951
5
Popular People in 1991
6
Popular People in 1941
7
Popular People in 1986
8
Popular People in 1981
9
Popular People in 1921
10
Popular People in 1976
Explore More
Trending Topics
Anime
Disney
NBA
Crossword
Marvel
Harry Potter
Kpop
Pokémon
Puzzle
Country
WWE
Song
NFL
The Office
Soccer
hide this ad
More By:
1mrryan1
Quiz
Plays
Rating
Category
Featured
Created
Facts about Ancient Rome
163
1.75
History
May 2, 2013
Industrial Revolution Inventors and Inventions
81
History
Apr 29, 2013
Go to Creator's Profile
Score Distribution
Quiz Creator Spotlight
1mrryan1
Follow
Send a Message
Quizzes Created
-
Created Quiz Play Count
-
More By This Creator
Popular Quizzes Today
1
Colored Red Africa Blitz
2
Find the US States - No Outlines Minefield
3
Find the 'City' Movie
4
5x2 Blitz: Bands
5
The Countries of the World
6
Find the US States
7
Find the Countries of Europe - No Outlines Minefield
8
US States
More History Quizzes
Cancelled Olympics
Editor's Pick
Trending Quizzes
Colored Red Europe Blitz I
Colored Red Europe Blitz II
Colored Red Africa Blitz II
Colored Red Europe Blitz III
Colored Red Africa Blitz III
Recently Updated
How Do You Spell That?
pecheneg
Godzilla Movies
pecheneg
Grab Bag: 4-10 Letters
pecheneg
2024 March Madness Bracket
pecheneg
Famous TV Couples
Peacemaker
Champions League XIs: Real Madrid
pecheneg
Largest US Cities 1790-2010
pecheneg
Rides in Walt Disney World
pecheneg
Most Oscar Losses (Acting)
pecheneg
Beyoncé Albums
pecheneg
Trending Topics
Anime
Crossword
Marvel
NBA
Disney
Harry Potter
Kpop
Puzzle
The Office
Country
Song
WWE
NFL
Pokémon
Soccer
Your Account Isn't Verified!
In order to create a playlist on Sporcle, you need to verify the email address you used during registration. Go to your
Sporcle Settings
to finish the process.
Report this User
Report this user for behavior that violates our
Community Guidelines
.
Details:
Send Report
Go to the Sporcle.com Mobile Site →
Comments